000 00635nam a2200241 4500
001 45178
010 _a9789895544141
021 _b272815/08
090 _a45178
100 _a20100105d2008 m y0pory5003 ba
101 0 _apor
102 _aPT
200 1 _aSermões
_fPadre António Vieira
205 _a1.ª ed.
210 9 _aMatosinhos
_cQuidNovi,
_d2008
215 _a79 p.
_d17 cm
225 2 _aGrandes autores portugueses.
_i120 anos JN
_v4
675 _a821.134.3-5"16"
_vBN
_zpor
675 _a821.134.3-97"16"
_vBN
_zpor
675 _a272-287
_vBN
_zpor
700 1 _aVieira,
_bAntónio,
_f1608-1697,
801 0 _aPT
_bBN
_gRPC
990 _cLIVROS